000 00316nam a22001337a 4500
008 170927b xxu||||| |||| 00| 0 eng d
020 _a9780872076860
041 _aeng
080 _23RD
_a37
100 _a47
101 _aEDU
245 _aCLASSROOM STRATEGIES FOR INTERACTIVE LEARNING
_cBUEHL,D
942 _2udc
_cBK
999 _c30313
_d30313